Peguy

Salvato in:
Dettagli Bibliografici
Autore principale: Rops, Daniel (Autore)
Natura: Libro
Lingua:spagnolo
Pubblicazione: Buenos Aires Excelsa 1946
Serie:Colección Esquiu, 7
Soggetti:
Tags: Aggiungi Tag
Nessun Tag, puoi essere il primo ad aggiungerne!!

MARC

LEADER 00000nam a2200000 a 4500
001 UCL6216
003 CL-VaPUC
008 040402e19461120AG |||||||||||||||||spa|d
082 0 4 |a 841  |b ROP  |2 21 
100 0 |a Rops, Daniel  |e author  |9 483896 
245 1 0 |a Peguy 
300 |a 159 p 
942 |c BK 
945 |d 20040402 00:00:00  |a vberengu 
260 |a Buenos Aires  |b Excelsa  |c 1946 
600 0 7 |a PEGUY, CHARLES PIERRE 1873-1914  |2 CL-VaPUC  |9 483897 
650 0 |a Escritores franceses   |9 450149 
650 0 |a Biografías  |9 255210 
583 |a last modification  |c 20040402 00:00:00  |k Rodrigo Vera 
490 0 |a Colección Esquiu, 7 
999 |c 308395  |d 308393 
952 |0 0  |1 0  |4 0  |6 841_000000000000000_ROP_1946  |7 0  |8 P  |9 374908  |a BIBTEO  |b BIBTES  |c TEO_FTES  |d 2019-11-21  |i 2107716  |o 841 ROP 1946  |p 2107716  |r 2024-01-18  |w 2019-11-21  |y BK  |k ICR